MARC

LEADER 00000nam0a2200000 4500
001 91358
005 20250207133744.0
035 |a (RuTPU)RU\TPU\book\97944 
090 |a 91358 
100 |a 20060222d1960 m y0rusy50 ca 
101 0 |a rus 
102 |a RU 
105 |a a z 001zy 
200 1 |a Производство нефтяных битумов  |f Р. Б. Гун, И. Л. Гуревич 
210 |a Москва  |c Госинти  |d 1960 
215 |a 90 с.  |c ил. 
320 |a Библиогр.: с. 87-90 
610 1 |a битумы 
610 1 |a производство 
610 1 |a классификация 
610 1 |a физические свойства 
610 1 |a получение 
675 |a 665.52  |v 3 
700 1 |a Гун  |b Р. Б.  |g Рудольф Борисович 
701 1 |a Гуревич  |b И. Л.  |g Иосиф Львович 
712 0 2 |a Государственный научно-исследовательский институт научной и технической информации  |c Москва  |c 1962-1981  |9 24504 
801 1 |a RU  |b 63413507  |c 20060222  |g PSBO 
801 2 |a RU  |b 63413507  |c 20060303  |g PSBO 
942 |c BK